000 00446nam a22001937a 4500
003 bpm
005 20260427093338.0
008 260427b |||||||| |||| 00| p spa d
024 _aS. C. C. / M. C. y E. M.:
040 _aAR-CtUCP
041 _aspa
080 _aCDU
100 _aMauriño Alejandro
245 _aOtros poemas
260 _aCorrientes
_bOffset
_c2010
650 _9Literatura - Poesía
942 _cLIB
999 _c76692
_d76692